[Event "32. Copenhagen Open (Politiken Cup)"]
[Site "Elsinore"]
[Date "2010.08.01"]
[Round "3"]
[White "Guttulsrud, Odd Martin"]
[Black "Thomsen, Peter"]
[Result "0-1"]
[WhiteElo "2073"]
[BlackElo "1871"]
[PlyCount "86"]
[EventDate "2010.07.31"]
[EventType "swiss"]
[EventRounds "10"]
[EventCountry "DEN"]
[Source "ChessBase"]
[SourceDate "2010.09.01"]

1. e4 e5 2. Nf3 Nc6 3. Bb5 a6 4. Ba4 Nf6 5. O-O b5 6. Bb3 Be7 7. Re1 d6 8. c3
Na5 9. Bc2 c5 10. d4 cxd4 11. cxd4 Qc7 12. Nc3 Bg4 13. d5 O-O 14. Bd3 Nd7 15.
h3 Bh5 16. g4 Bg6 17. a4 b4 18. Na2 b3 19. Nc3 Nc5 20. Bf1 h5 21. Nd2 hxg4 22.
hxg4 Rab8 23. Qf3 Rb4 24. Be2 Qd7 25. Ra3 Qd8 26. Bd1 Bg5 27. Kg2 Bf4 28. Re2
Qg5 29. Kf1 Rfb8 30. Qg2 Nd3 31. Nf3 Qe7 32. Be3 Nc4 33. Ra1 Ncxb2 34. Rd2 Nxd1
35. Rdxd1 b2 36. Rab1 Bxe3 37. fxe3 Nc5 38. Nd2 Qg5 39. Ke2 Nxa4 40. Na2 R4b7
41. Nc4 Qd8 42. Rd2 Rb3 43. Kf3 Nc5 0-1

[Event "32. Copenhagen Open (Politiken Cup)"]
[Site "Elsinore"]
[Date "2010.08.01"]
[Round "3"]
[White "Halldorsson, Bragi"]
[Black "Christensen, Klaus"]
[Result "0-1"]
[WhiteElo "2253"]
[BlackElo "2009"]
[PlyCount "72"]
[EventDate "2010.07.31"]
[EventType "swiss"]
[EventRounds "10"]
[EventCountry "DEN"]
[Source "ChessBase"]
[SourceDate "2010.09.01"]

1. d4 d5 2. c4 c6 3. Nc3 Nf6 4. Nf3 dxc4 5. a4 Bg4 6. Ne5 Bh5 7. f3 Nfd7 8.
Nxc4 e5 9. dxe5 Qh4+ 10. g3 Qxc4 11. e4 Qb4 12. g4 Bg6 13. Bd2 Qb6 14. f4 h6
15. a5 Qd8 16. h4 Be7 17. h5 Bh4+ 18. Ke2 Bh7 19. Kf3 O-O 20. Bc4 b5 21. axb6
Nxb6 22. Bb3 Kh8 23. Qe2 Be7 24. Be3 N8d7 25. Rad1 Qc7 26. Qf2 Rad8 27. Ne2 c5
28. Rc1 Qb7 29. Ng3 f6 30. e6 Ne5+ 31. fxe5 fxe5+ 32. Nf5 Bxf5 33. Kg3 Bxe4 34.
Qe1 Bxh1 35. Qxh1 Qxh1 36. Rxh1 Rd3 0-1

[Event "32. Copenhagen Open (Politiken Cup)"]
[Site "Elsinore"]
[Date "2010.08.01"]
[Round "3"]
[White "Hansen, Erik Friberg"]
[Black "Rasmussen, Henning Lau"]
[Result "1/2-1/2"]
[WhiteElo "1558"]
[BlackElo "1867"]
[PlyCount "99"]
[EventDate "2010.07.31"]
[EventType "swiss"]
[EventRounds "10"]
[EventCountry "DEN"]
[Source "ChessBase"]
[SourceDate "2010.09.01"]

1. d4 Nf6 2. e3 g6 3. Nf3 Bg7 4. c4 d6 5. Nc3 O-O 6. e4 c6 7. Be2 Bg4 8. O-O
Bxf3 9. Bxf3 e5 10. d5 c5 11. Be3 Ne8 12. Qc2 f5 13. exf5 gxf5 14. g3 Qd7 15.
Bg2 Qf7 16. f4 e4 17. Rac1 Na6 18. a3 Nf6 19. h3 Nc7 20. Qe2 Nh5 21. Kh2 Bd4
22. Rfd1 Qg7 23. Qf2 Bxe3 24. Qxe3 Nf6 25. Rg1 h5 26. Bf1 Qh7 27. Be2 Rae8 28.
Rce1 Kf7 29. Rg2 Rg8 30. Reg1 Rg7 31. h4 Ng4+ 32. Bxg4 Rxg4 33. Nd1 Qh8 34. Nf2
Rgg8 35. Nh3 Qd4 36. Ng5+ Kg6 37. Qxd4 cxd4 38. Rd2 d3 39. Re1 b6 40. a4 Rgf8
41. b3 a5 42. Kg2 Na6 43. Ne6 Rg8 44. Re3 Nb4 45. Nd4 Na6 46. Kf2 Nc5 47. Rb2
Kf6 48. Rd2 Re7 49. Ke1 Reg7 50. Kf2 1/2-1/2

[Event "32. Copenhagen Open (Politiken Cup)"]
[Site "Elsinore"]
[Date "2010.08.01"]
[Round "3"]
[White "Hansen, Rene Rauer"]
[Black "Peschlow, Patrick"]
[Result "0-1"]
[WhiteElo "2028"]
[BlackElo "2311"]
[PlyCount "92"]
[EventDate "2010.07.31"]
[EventType "swiss"]
[EventRounds "10"]
[EventCountry "DEN"]
[Source "ChessBase"]
[SourceDate "2010.09.01"]

1. d4 Nf6 2. c4 g6 3. Nf3 Bg7 4. g3 d5 5. cxd5 Nxd5 6. Bg2 Nb6 7. O-O Nc6 8. e3
O-O 9. Nc3 Re8 10. a3 e5 11. dxe5 Nxe5 12. Nxe5 Bxe5 13. Qc2 c6 14. b3 Qe7 15.
Bb2 Be6 16. Rad1 Qc5 17. Rc1 Rad8 18. Rfd1 f5 19. Rxd8 Rxd8 20. Bf3 a5 21. Rd1
Re8 22. Rc1 Bg7 23. Bd1 Rd8 24. Qb1 Qe7 25. Ne2 Bd5 26. Nf4 Be4 27. Qa1 Bxb2
28. Qxb2 Nd5 29. Be2 Nxf4 30. exf4 Bd5 31. Bd3 Re8 32. Kf1 b5 33. b4 axb4 34.
axb4 Ra8 35. Re1 Bg2+ 36. Kxg2 Qxe1 37. Bc2 Kf7 38. Bb3+ Ke7 39. Qg7+ Kd6 40.
Qd4+ Kc7 41. Qg7+ Kb6 42. Qd4+ Ka6 43. Qf6 Rc8 44. Be6 Rc7 45. Qd8 Kb7 46. Qe8
Qxb4 0-1

[Event "32. Copenhagen Open (Politiken Cup)"]
[Site "Elsinore"]
[Date "2010.08.01"]
[Round "3"]
[White "Hansen, Verner"]
[Black "Hobber, Anders"]
[Result "0-1"]
[WhiteElo "1927"]
[BlackElo "2135"]
[PlyCount "44"]
[EventDate "2010.07.31"]
[EventType "swiss"]
[EventRounds "10"]
[EventCountry "DEN"]
[Source "ChessBase"]
[SourceDate "2010.09.01"]

1. e4 e6 2. d4 d5 3. exd5 exd5 4. Nf3 Nc6 5. Bd3 Bg4 6. c3 Bd6 7. h3 Bh5 8. O-O
Nge7 9. Re1 Qd7 10. Nbd2 O-O-O 11. b4 Rdg8 12. b5 Nd8 13. Nb3 Ne6 14. a4 g5 15.
Ba3 Nf4 16. Nc5 Nxh3+ 17. Kf1 Qg4 18. Ne5 Qf4 19. Nf3 Nxf2 20. Kxf2 g4 21. Bc1
Qg3+ 22. Kf1 gxf3 0-1

[Event "32. Copenhagen Open (Politiken Cup)"]
[Site "Elsinore"]
[Date "2010.08.01"]
[Round "3"]
[White "Haubro, Sigfred"]
[Black "Danielsen, Henrik"]
[Result "0-1"]
[WhiteElo "2166"]
[BlackElo "2512"]
[PlyCount "84"]
[EventDate "2010.07.31"]
[EventType "swiss"]
[EventRounds "10"]
[EventCountry "DEN"]
[Source "ChessBase"]
[SourceDate "2010.09.01"]

1. Nf3 g6 2. e4 Bg7 3. d4 d6 4. h3 Nf6 5. Nc3 O-O 6. Be3 c6 7. Qd2 Qc7 8. Bd3
Nbd7 9. O-O b5 10. a3 Bb7 11. Ne2 c5 12. Bxb5 Bxe4 13. Ne1 Rfb8 14. Bxd7 Nxd7
15. Ng3 Bb7 16. Rc1 Ba6 17. c4 Rb3 18. Rc2 cxd4 19. Bxd4 Bxd4 20. Qxd4 Ne5 21.
c5 Bxf1 22. Nxf1 Rab8 23. f4 Nc6 24. Qf2 dxc5 25. Nf3 Qxf4 26. Qxc5 Rxf3 27.
gxf3 Nd4 28. Rf2 Rb5 29. Qc8+ Kg7 30. Qc3 Rg5+ 31. Rg2 e5 32. Kf2 Qh4+ 33. Ng3
Qxh3 34. f4 Ne2 35. Qf3 Nxf4 36. Rg1 Qh2+ 37. Kf1 Qxb2 38. Rh1 Rxg3 39. Qxg3
Qe2+ 40. Kg1 Qd1+ 41. Kh2 Qd2+ 42. Qg2 Qxg2# 0-1

[Event "32. Copenhagen Open (Politiken Cup)"]
[Site "Elsinore"]
[Date "2010.08.01"]
[Round "3"]
[White "Holm, Kristian Stuvik"]
[Black "Kaaber Hansen, Jacob"]
[Result "1/2-1/2"]
[WhiteElo "2086"]
[BlackElo "2232"]
[PlyCount "23"]
[EventDate "2010.07.31"]
[EventType "swiss"]
[EventRounds "10"]
[EventCountry "DEN"]
[Source "ChessBase"]
[SourceDate "2010.09.01"]

1. d4 Nf6 2. c4 e6 3. Nf3 c5 4. d5 exd5 5. cxd5 d6 6. Nc3 g6 7. e4 Bg7 8. Be2
O-O 9. O-O a6 10. a4 Re8 11. Nd2 Nbd7 12. Qc2 1/2-1/2

[Event "32. Copenhagen Open (Politiken Cup)"]
[Site "Elsinore"]
[Date "2010.08.01"]
[Round "3"]
[White "Holst, Conny"]
[Black "Moripen, Markus"]
[Result "1/2-1/2"]
[WhiteElo "2185"]
[BlackElo "1953"]
[PlyCount "89"]
[EventDate "2010.07.31"]
[EventType "swiss"]
[EventRounds "10"]
[EventCountry "DEN"]
[Source "ChessBase"]
[SourceDate "2010.09.01"]

1. d4 Nf6 2. c4 g6 3. Nc3 Bg7 4. e4 d6 5. Nge2 O-O 6. f3 c5 7. Be3 Nc6 8. Qd2
cxd4 9. Nxd4 Nxd4 10. Bxd4 Nd7 11. Be3 Ne5 12. Rc1 Bd7 13. Be2 Rc8 14. b3 b6
15. O-O Rb8 16. Rfd1 Re8 17. Kh1 Qc8 18. Qe1 Bc6 19. Nd5 Qb7 20. Bd4 Nd7 21.
Bxg7 Kxg7 22. Qh4 Bxd5 23. cxd5 a6 24. Qg5 h6 25. Qd2 Rec8 26. Rc3 b5 27. Rdc1
Rxc3 28. Qxc3+ Kh7 29. h3 b4 30. Qc6 Nc5 31. Qxb7 Rxb7 32. e5 f6 33. exd6 exd6
34. Kg1 f5 35. Kf2 Kg7 36. Bf1 Re7 37. h4 Kf6 38. Bc4 Re5 39. Ra1 Re8 40. a3 a5
41. axb4 axb4 42. Ra5 Rb8 43. Ke3 Ke5 44. f4+ Kf6 45. Ra7 1/2-1/2

[Event "32. Copenhagen Open (Politiken Cup)"]
[Site "Elsinore"]
[Date "2010.08.01"]
[Round "3"]
[White "Hornsgaard, Jens Boe"]
[Black "Hoel, Jorgen"]
[Result "1-0"]
[WhiteElo "2044"]
[BlackElo "1824"]
[PlyCount "49"]
[EventDate "2010.07.31"]
[EventType "swiss"]
[EventRounds "10"]
[EventCountry "DEN"]
[Source "ChessBase"]
[SourceDate "2010.09.01"]

1. d4 d5 2. c4 c6 3. Nf3 Nf6 4. Nc3 dxc4 5. a4 Bf5 6. Ne5 Nbd7 7. Nxc4 e6 8. f3
Bb4 9. e4 Bg6 10. Qb3 a5 11. Bf4 O-O 12. O-O-O Nh5 13. Be3 b5 14. Ne5 bxa4 15.
Qxa4 Nhf6 16. Nxc6 Qc7 17. Nxb4 axb4 18. Qxb4 Rfb8 19. Bb5 Rb7 20. Qc4 Qa5 21.
Kd2 Rc7 22. Ra1 Rxc4 23. Rxa5 Rxd4+ 24. Bxd4 Rxa5 25. e5 1-0

[Event "32. Copenhagen Open (Politiken Cup)"]
[Site "Elsinore"]
[Date "2010.08.01"]
[Round "3"]
[White "Jacobsen, Fredrik Beer"]
[Black "Christensen, Bo Garner"]
[Result "0-1"]
[WhiteElo "1955"]
[BlackElo "2288"]
[PlyCount "52"]
[EventDate "2010.07.31"]
[EventType "swiss"]
[EventRounds "10"]
[EventCountry "DEN"]
[Source "ChessBase"]
[SourceDate "2010.09.01"]

1. d4 f5 2. g3 Nf6 3. Bg2 g6 4. c4 Bg7 5. Nc3 d6 6. Nf3 O-O 7. O-O Nc6 8. d5
Ne5 9. Nxe5 dxe5 10. e4 f4 11. b3 g5 12. h3 h5 13. Re1 Bd7 14. gxf4 gxf4 15.
Qf3 Qe8 16. Kh2 Bg4 17. Qd3 f3 18. Bf1 Qg6 19. Qe3 Nh7 20. hxg4 hxg4 21. Ne2
Rf4 22. Ng3 Ng5 23. Qd3 Kf7 24. Bg2 Qh7+ 25. Kg1 fxg2 26. f3 Nxf3+ 0-1

[Event "32. Copenhagen Open (Politiken Cup)"]
[Site "Elsinore"]
[Date "2010.08.01"]
[Round "3"]
[White "Jensen, Leif Norholm"]
[Black "Harstad, Christian"]
[Result "0-1"]
[WhiteElo "1810"]
[BlackElo "2044"]
[PlyCount "82"]
[EventDate "2010.07.31"]
[EventType "swiss"]
[EventRounds "10"]
[EventCountry "DEN"]
[Source "ChessBase"]
[SourceDate "2010.09.01"]

1. f4 c5 2. b3 Nc6 3. Bb2 d5 4. Nf3 Nf6 5. e3 a6 6. Be2 g6 7. O-O Bg7 8. Ne5
O-O 9. d3 Nxe5 10. fxe5 Nd7 11. d4 e6 12. Bf3 Qb6 13. Kh1 f6 14. exf6 Nxf6 15.
Nd2 cxd4 16. Bxd4 Qd8 17. c4 Re8 18. Rc1 e5 19. Ba1 d4 20. Ne4 Nxe4 21. Bxe4
dxe3 22. Qf3 Bh6 23. Rcd1 Qc7 24. Bd5+ Be6 25. Bxe6+ Rxe6 26. Qh3 Qe7 27. Rd5
e2 28. Re1 Rf8 29. g3 Qf6 30. Rxe2 Qf1+ 31. Qxf1 Rxf1+ 32. Kg2 Rxa1 33. Rd8+
Kf7 34. Rd7+ Re7 35. Rxe7+ Kxe7 36. Rxe5+ Kd6 37. Re2 Rd1 38. Kf3 Rd2 39. c5+
Kd7 40. Rxd2+ Bxd2 41. Ke4 Kc6 0-1

[Event "32. Copenhagen Open (Politiken Cup)"]
[Site "Elsinore"]
[Date "2010.08.01"]
[Round "3"]
[White "Jensen, Niels Christian"]
[Black "Jacobsen, Caroline Beer"]
[Result "1-0"]
[WhiteElo "1993"]
[BlackElo "1590"]
[PlyCount "55"]
[EventDate "2010.07.31"]
[EventType "swiss"]
[EventRounds "10"]
[EventCountry "DEN"]
[Source "ChessBase"]
[SourceDate "2010.09.01"]

1. c4 e5 2. Nc3 Nf6 3. Nf3 Nc6 4. e3 d5 5. cxd5 Nxd5 6. a3 Bg4 7. Be2 Qd7 8. d3
g6 9. h3 Be6 10. Ng5 Bg7 11. Nxe6 Qxe6 12. O-O f5 13. Qc2 O-O-O 14. Rd1 h5 15.
b4 Bf6 16. Bb2 Rd7 17. Nxd5 Rxd5 18. Bf3 Rd6 19. Rac1 g5 20. b5 Bd8 21. bxc6 g4
22. cxb7+ Kb8 23. Be2 Qf6 24. d4 gxh3 25. dxe5 Qh4 26. exd6 h2+ 27. Kh1 Rg8 28.
dxc7+ 1-0

[Event "32. Copenhagen Open (Politiken Cup)"]
[Site "Elsinore"]
[Date "2010.08.01"]
[Round "3"]
[White "Jorgensen, Dennis"]
[Black "Hansen, Herluf"]
[Result "1/2-1/2"]
[WhiteElo "2216"]
[BlackElo "2026"]
[PlyCount "108"]
[EventDate "2010.07.31"]
[EventType "swiss"]
[EventRounds "10"]
[EventCountry "DEN"]
[Source "ChessBase"]
[SourceDate "2010.09.01"]

1. d4 Nf6 2. Nf3 g6 3. g3 Bg7 4. Bg2 O-O 5. O-O d6 6. c4 c6 7. Nc3 Nbd7 8. h3
Re8 9. e4 Qa5 10. Re1 e5 11. Be3 Nf8 12. dxe5 dxe5 13. Qc2 N6d7 14. a3 Ne6 15.
b4 Qc7 16. Rad1 a5 17. Bf1 axb4 18. axb4 Qb8 19. Qb3 b6 20. Rd2 Nd4 21. Qd1 c5
22. Nd5 Bb7 23. b5 Ra3 24. Bg2 Qa7 25. Rd3 Ra4 26. Nd2 h6 27. Nc7 Rc8 28. Na6
Ra5 29. Nb3 Nxb3 30. Rxd7 Nd4 31. Bxd4 cxd4 32. Qb3 Rf8 33. Qb4 Qa8 34. c5 Bxa6
35. bxa6 Qxa6 36. c6 Rc5 37. Bf1 Qc8 38. Bb5 Bf6 39. Ra1 Bg5 40. Raa7 Rc1+ 41.
Kg2 Rxc6 42. Bxc6 Qxc6 43. Qb1 h5 44. Qd3 h4 45. Qf3 Qe6 46. Rab7 hxg3 47. fxg3
Be3 48. h4 Qa2+ 49. Kh3 Bg1 50. Re7 Qh2+ 51. Kg4 Qa2 52. Kh3 Qh2+ 53. Kg4 Qa2
54. Kh3 Qh2+ 1/2-1/2

[Event "32. Copenhagen Open (Politiken Cup)"]
[Site "Elsinore"]
[Date "2010.08.01"]
[Round "3"]
[White "Jorgensen, Michael"]
[Black "Rodshtein, Maxim"]
[Result "0-1"]
[WhiteElo "2230"]
[BlackElo "2609"]
[PlyCount "66"]
[EventDate "2010.07.31"]
[EventType "swiss"]
[EventRounds "10"]
[EventCountry "DEN"]
[Source "ChessBase"]
[SourceDate "2010.09.01"]

1. d4 Nf6 2. c4 g6 3. Nc3 d5 4. Nf3 Bg7 5. Qb3 dxc4 6. Qxc4 O-O 7. e4 a6 8. e5
b5 9. Qb3 Nfd7 10. h4 c5 11. e6 c4 12. Qd1 Nf6 13. exf7+ Rxf7 14. Ne5 Rf8 15.
Be3 Bb7 16. a4 Nc6 17. axb5 axb5 18. Rxa8 Bxa8 19. Nxb5 Kh8 20. Nxc6 Bxc6 21.
Nc3 Nd5 22. Nxd5 Qxd5 23. h5 g5 24. h6 Bf6 25. Rh3 e5 26. dxe5 Qxe5 27. Bxc4
Rd8 28. Qc1 Bxg2 29. Rg3 Bb7 30. Qc2 Be4 31. Qb3 g4 32. Rxg4 Bf3 33. Rg3 Qa5+
0-1

[Event "32. Copenhagen Open (Politiken Cup)"]
[Site "Elsinore"]
[Date "2010.08.01"]
[Round "3"]
[White "Justinussen, Sigurd B"]
[Black "Nielsen, John Bauneborg"]
[Result "0-1"]
[WhiteElo "1941"]
[BlackElo "2139"]
[PlyCount "80"]
[EventDate "2010.07.31"]
[EventType "swiss"]
[EventRounds "10"]
[EventCountry "DEN"]
[Source "ChessBase"]
[SourceDate "2010.09.01"]

1. e4 c5 2. Nf3 Nc6 3. c3 d5 4. e5 Bg4 5. Bb5 Qb6 6. Bxc6+ Qxc6 7. d4 cxd4 8.
Qxd4 Bxf3 9. gxf3 e6 10. Be3 Ne7 11. Nd2 Nf5 12. Qd3 Be7 13. Nb3 O-O 14. Nd4
Nxd4 15. Qxd4 Qb5 16. Qd2 a5 17. h4 f5 18. h5 a4 19. Rg1 Rf7 20. Bg5 d4 21.
Bxe7 Qxe5+ 22. Qe2 Qxe2+ 23. Kxe2 Rxe7 24. cxd4 Rd7 25. Ke3 Rad8 26. h6 g6 27.
Rac1 Rxd4 28. Rc7 f4+ 29. Ke2 Rd2+ 30. Kf1 R8d7 31. Rc8+ Kf7 32. Rg4 e5 33. Rc5
Kf6 34. Rb5 Rd1+ 35. Kg2 Ra1 36. Rh4 Rdd1 37. Rh2 Rg1+ 38. Kh3 Rg5 39. Rb6+ Kf5
40. Rxb7 Rag1 0-1

[Event "32. Copenhagen Open (Politiken Cup)"]
[Site "Elsinore"]
[Date "2010.08.01"]
[Round "3"]
[White "Knudsen, Joachim Holm"]
[Black "Wadtland, Flemming"]
[Result "1-0"]
[WhiteElo "1756"]
[BlackElo "1567"]
[PlyCount "81"]
[EventDate "2010.07.31"]
[EventType "swiss"]
[EventRounds "10"]
[EventCountry "DEN"]
[Source "ChessBase"]
[SourceDate "2010.09.01"]

1. d4 Nf6 2. Nf3 e6 3. e3 Nc6 4. c4 Bb4+ 5. Nc3 O-O 6. Bd3 d5 7. O-O Re8 8.
cxd5 exd5 9. a3 Ba5 10. h3 Bxc3 11. bxc3 Ne7 12. Qc2 Ng6 13. Nd2 Bd7 14. a4 Qc8
15. Kh2 Nh4 16. Rg1 Nxg2 17. Rxg2 Bxh3 18. Rg3 Ng4+ 19. Kg1 Nh6 20. e4 dxe4 21.
Nxe4 Qe6 22. Bxh6 Qxh6 23. Ng5 Bd7 24. Bxh7+ Kf8 25. Bf5 Bc6 26. Be4 Bxe4 27.
Nxe4 Re6 28. Nc5 Rg6 29. Rxg6 Qxg6+ 30. Qxg6 fxg6 31. Re1 b6 32. Ne6+ Kf7 33.
Nxc7 Rc8 34. Nd5 Re8 35. Rxe8 Kxe8 36. Kg2 Kd7 37. Kg3 Ke6 38. c4 Kf5 39. Kf3
g5 40. Ne7+ Ke6 41. Nc8 1-0

[Event "32. Copenhagen Open (Politiken Cup)"]
[Site "Elsinore"]
[Date "2010.08.01"]
[Round "3"]
[White "Kovchan, Alexander"]
[Black "Jensen, Ib"]
[Result "1-0"]
[WhiteElo "2571"]
[BlackElo "1970"]
[PlyCount "57"]
[EventDate "2010.07.31"]
[EventType "swiss"]
[EventRounds "10"]
[EventCountry "DEN"]
[Source "ChessBase"]
[SourceDate "2010.09.01"]

1. e4 e5 2. Nf3 d6 3. d4 exd4 4. Nxd4 Nf6 5. Nc3 Be7 6. g3 Nc6 7. Nxc6 bxc6 8.
Bg2 O-O 9. O-O Nd7 10. b3 Bf6 11. Bb2 Rb8 12. f4 Nb6 13. e5 dxe5 14. Ne4 Nc4
15. Nxf6+ Qxf6 16. fxe5 Qe6 17. Bd4 Nxe5 18. Bxa7 Ra8 19. Bc5 Re8 20. c4 Qh6
21. Rf4 Be6 22. Qe2 f6 23. Bd4 Bd7 24. Bxe5 Rxe5 25. Qd2 Be8 26. a4 Rh5 27. Re1
Re5 28. Rxe5 fxe5 29. Bd5+ 1-0

[Event "32. Copenhagen Open (Politiken Cup)"]
[Site "Elsinore"]
[Date "2010.08.01"]
[Round "3"]
[White "Krasenkova, Ilena"]
[Black "Andersen, Daniel"]
[Result "0-1"]
[WhiteElo "2128"]
[BlackElo "1926"]
[PlyCount "90"]
[EventDate "2010.07.31"]
[EventType "swiss"]
[EventRounds "10"]
[EventCountry "DEN"]
[Source "ChessBase"]
[SourceDate "2010.09.01"]

1. d4 Nf6 2. c4 g6 3. Nc3 d5 4. Bg5 Ne4 5. cxd5 Nxc3 6. bxc3 Qxd5 7. Nf3 Bg7 8.
Qb3 Be6 9. Qa3 Qd6 10. Qxd6 cxd6 11. e4 Nc6 12. Rb1 Na5 13. Bb5+ Bd7 14. O-O
Rc8 15. e5 h6 16. Bf4 d5 17. Rfd1 e6 18. c4 dxc4 19. d5 Bxb5 20. Rxb5 b6 21.
Nd4 exd5 22. Rxd5 O-O 23. Nb5 Nc6 24. h4 Nb4 25. R5d4 Nd3 26. Re4 Nxf4 27. Rxf4
Bxe5 28. Re4 Bb8 29. Nc3 Rfe8 30. Rde1 Rxe4 31. Rxe4 a6 32. a4 Bd6 33. g4 Kg7
34. Kg2 Bb8 35. Ne2 Rc5 36. Nd4 c3 37. Nc2 Rc8 38. Kf3 b5 39. axb5 axb5 40. Re7
Bd6 41. Rd7 Bc5 42. Ke4 b4 43. Nd4 c2 44. Ne6+ Kf6 45. Nxc5 c1=Q 0-1

[Event "32. Copenhagen Open (Politiken Cup)"]
[Site "Elsinore"]
[Date "2010.08.01"]
[Round "3"]
[White "Kristinsson, Bjarni Jens"]
[Black "Barane, Simon"]
[Result "1-0"]
[WhiteElo "2044"]
[BlackElo "1808"]
[PlyCount "63"]
[EventDate "2010.07.31"]
[EventType "swiss"]
[EventRounds "10"]
[EventCountry "DEN"]
[Source "ChessBase"]
[SourceDate "2010.09.01"]

1. d4 d5 2. Nf3 Nf6 3. c4 c6 4. Nc3 e6 5. b3 Bb4 6. Bd2 O-O 7. g3 c5 8. cxd5
cxd4 9. Nxd4 Bxc3 10. Bxc3 Nxd5 11. Bd2 Nf6 12. Nf3 Nc6 13. Bg2 h6 14. O-O Qc7
15. Qc2 Bd7 16. Bf4 Qb6 17. Qb2 Nd5 18. Ne5 Nxe5 19. Bxe5 f6 20. Bd4 Qa6 21.
Rfd1 Bc6 22. Rd2 Ne7 23. Bf1 b6 24. Rad1 Qb7 25. Bh3 e5 26. Bc3 Kf7 27. Bxe5
fxe5 28. Qxe5 Ke8 29. Qxg7 Rg8 30. Rd7 Bxd7 31. Bxd7+ Kd8 32. Bc6+ 1-0

[Event "32. Copenhagen Open (Politiken Cup)"]
[Site "Elsinore"]
[Date "2010.08.01"]
[Round "3"]
[White "Kyrkjebo, Eirik"]
[Black "Olofsson Dolk, Mattis"]
[Result "0-1"]
[WhiteElo "1770"]
[BlackElo "1949"]
[PlyCount "68"]
[EventDate "2010.07.31"]
[EventType "swiss"]
[EventRounds "10"]
[EventCountry "DEN"]
[Source "ChessBase"]
[SourceDate "2010.09.01"]

1. e4 c5 2. Nc3 a6 3. f4 b5 4. g3 Bb7 5. Bg2 e6 6. Nf3 b4 7. Ne2 Bxe4 8. d3 Bb7
9. O-O Nf6 10. h3 Be7 11. Be3 O-O 12. d4 cxd4 13. Bxd4 Nc6 14. Ne5 Nxd4 15.
Bxb7 Nxe2+ 16. Qxe2 Qb6+ 17. Kh2 Qxb7 18. Rad1 d6 19. Nc4 Qe4 20. Qxe4 Nxe4 21.
Rfe1 d5 22. Ne5 Rfc8 23. Re2 f6 24. Nf3 Rc4 25. Nd4 Kf7 26. f5 e5 27. Ne6 Rac8
28. Rc1 Nc5 29. Nxc5 R8xc5 30. h4 d4 31. Kh3 d3 32. Rd2 Rxc2 33. Rdxc2 Rxc2 34.
Rd1 d2 0-1

[Event "32. Copenhagen Open (Politiken Cup)"]
[Site "Elsinore"]
[Date "2010.08.01"]
[Round "3"]
[White "Kyrkjebo, Erlend"]
[Black "Andersson, Christin"]
[Result "0-1"]
[WhiteElo "1922"]
[BlackElo "2129"]
[PlyCount "48"]
[EventDate "2010.07.31"]
[EventType "swiss"]
[EventRounds "10"]
[EventCountry "DEN"]
[Source "ChessBase"]
[SourceDate "2010.09.01"]

1. e4 e5 2. Bc4 Bc5 3. Nc3 Nf6 4. d3 c6 5. Nf3 d5 6. Bb3 dxe4 7. Nxe4 Nxe4 8.
dxe4 Qxd1+ 9. Kxd1 Bg4 10. Ke2 f5 11. Be6 Rf8 12. Bxf5 Bxf5 13. exf5 Rxf5 14.
Be3 Bxe3 15. Kxe3 Nd7 16. Rad1 O-O-O 17. Rd6 Rdf8 18. Re6 Nf6 19. c4 Kd7 20.
Rxe5 Ng4+ 21. Kd4 Rf4+ 22. Kc5 Nxe5 23. Nxe5+ Kc7 24. f3 a5 0-1

[Event "32. Copenhagen Open (Politiken Cup)"]
[Site "Elsinore"]
[Date "2010.08.01"]
[Round "3"]
[White "Larsen, Arne Walther"]
[Black "Jensen, Hans Askov"]
[Result "1-0"]
[WhiteElo "1804"]
[BlackElo "1600"]
[PlyCount "59"]
[EventDate "2010.07.31"]
[EventType "swiss"]
[EventRounds "10"]
[EventCountry "DEN"]
[Source "ChessBase"]
[SourceDate "2010.09.01"]

1. Nf3 Nf6 2. g3 Nc6 3. d4 d5 4. Bg2 Bf5 5. c4 dxc4 6. Na3 e6 7. Nxc4 Qd5 8.
Ne3 Qa5+ 9. Bd2 Bb4 10. Nc4 Bxd2+ 11. Nfxd2 Qa6 12. e3 O-O 13. Qb3 Rab8 14. O-O
Na5 15. Nxa5 Qxa5 16. Nc4 Qa6 17. Rfc1 Be4 18. Bxe4 Nxe4 19. Ne5 Rbc8 20. Nd7
Rfd8 21. Nc5 Nxc5 22. Rxc5 b6 23. Qc4 Qxc4 24. Rxc4 a5 25. Rac1 Rd7 26. Rc6 b5
27. R6c5 c6 28. Rxb5 Rd5 29. Rxc6 Rxb5 30. Rxc8# 1-0

[Event "32. Copenhagen Open (Politiken Cup)"]
[Site "Elsinore"]
[Date "2010.08.01"]
[Round "3"]
[White "Larsen, Bror Johannes"]
[Black "Madsen, Dennis"]
[Result "1/2-1/2"]
[WhiteElo "1750"]
[BlackElo "1557"]
[PlyCount "113"]
[EventDate "2010.07.31"]
[EventType "swiss"]
[EventRounds "10"]
[EventCountry "DEN"]
[Source "ChessBase"]
[SourceDate "2010.09.01"]

1. e4 d5 2. exd5 Nf6 3. Nc3 Nxd5 4. Nxd5 Qxd5 5. Nf3 Nc6 6. Be2 g5 7. O-O h5 8.
c4 Qf5 9. Ne1 g4 10. d4 e5 11. Nc2 Be6 12. d5 O-O-O 13. Ne3 Qf6 14. Qe1 Bb4 15.
Bd2 Bxd2 16. Qxd2 Bf5 17. Nxf5 Qxf5 18. Bd3 e4 19. Bc2 Ne5 20. Qe3 Nxc4 21.
Qxa7 Nb6 22. Rfe1 Rhe8 23. Bb3 h4 24. a4 Rd6 25. a5 Nxd5 26. Qa8+ Kd7 27. Ba4+
c6 28. Qxb7+ Nc7 29. Rad1 Qc5 30. Rxd6+ Kxd6 31. Rd1+ Nd5 32. a6 e3 33. Qxf7
exf2+ 34. Qxf2 Qxf2+ 35. Kxf2 Ra8 36. Rc1 Rxa6 37. Rc4 Nf6 38. b3 c5 39. h3 Kd5
40. Rf4 Ke5 41. Rc4 gxh3 42. gxh3 Kd5 43. Rxh4 Ne4+ 44. Ke3 Re6 45. Bd7 Re5 46.
Bc6+ Kxc6 47. Rxe4 Rh5 48. h4 Kd5 49. Rg4 Re5+ 50. Kd3 Re1 51. Kd2 Rb1 52. Kc2
Rh1 53. Kd3 Rh3+ 54. Kc2 Rh2+ 55. Kd3 Rh3+ 56. Kc2 Rh2+ 57. Kd3 1/2-1/2

[Event "32. Copenhagen Open (Politiken Cup)"]
[Site "Elsinore"]
[Date "2010.08.01"]
[Round "3"]
[White "Larsen, Tor Ketil"]
[Black "Haagen Larsen, Hans"]
[Result "1-0"]
[WhiteElo "2022"]
[BlackElo "1798"]
[PlyCount "47"]
[EventDate "2010.07.31"]
[EventType "swiss"]
[EventRounds "10"]
[EventCountry "DEN"]
[Source "ChessBase"]
[SourceDate "2010.09.01"]

1. e4 e6 2. d4 d5 3. Nd2 c5 4. Ngf3 Nc6 5. exd5 exd5 6. c3 Bd6 7. dxc5 Bxc5 8.
Nb3 Qe7+ 9. Be2 Nf6 10. Nxc5 Qxc5 11. Be3 Qe7 12. b4 Ne4 13. Rc1 Be6 14. Nd4
Rd8 15. O-O O-O 16. Bd3 Nxd4 17. Bxd4 b6 18. Re1 Nd6 19. Re3 Nc4 20. Bxh7+ Kxh7
21. Qh5+ Kg8 22. Bxg7 f5 23. Bd4 Rf6 24. Rg3+ 1-0

[Event "32. Copenhagen Open (Politiken Cup)"]
[Site "Elsinore"]
[Date "2010.08.01"]
[Round "3"]
[White "Lundberg, Roland"]
[Black "Schultz Pedersen, Jesper"]
[Result "1/2-1/2"]
[WhiteElo "2006"]
[BlackElo "2206"]
[PlyCount "49"]
[EventDate "2010.07.31"]
[EventType "swiss"]
[EventRounds "10"]
[EventCountry "DEN"]
[Source "ChessBase"]
[SourceDate "2010.09.01"]

1. c4 Nc6 2. Nc3 e5 3. Nf3 Nf6 4. g3 d6 5. d4 Be7 6. dxe5 dxe5 7. Qxd8+ Bxd8 8.
a3 Be6 9. e3 h6 10. b4 Nd7 11. Nd2 a5 12. b5 Ncb8 13. Na4 Be7 14. Bb2 O-O 15.
Rc1 f6 16. Bg2 Ra7 17. O-O Nb6 18. Nxb6 cxb6 19. Bd5 Kf7 20. Kg2 Rd8 21. e4 Nd7
22. f4 exf4 23. gxf4 Nc5 24. Rf3 Raa8 25. Bd4 1/2-1/2